000 00826nam a2200349Ia 4500
005 20251020182533.0
008 200515s9999 xx 000 0 und d
082 _a72.011/N47/1999
100 _aNEUFERT, Ernst
245 0 _aArte de proyectar en arquitectura Neufert
250 _a14a ed.
260 _aMéxico, D.F.
260 _c1999
500 _a1 ejemplar
650 _aALUMBRADO
650 _aARQUITECTURA
650 _aBIBLIOTECASGRANJAS
650 _aCALEFACCION
650 _aDISEÑO ARQUITECTONICO
650 _aHOTELES
650 _aILUMINACION
650 _aJARDINES
650 _aNEUFERT
650 _aPISCINASESCUELAS
650 _aPUERTAS
650 _aRESTAURANTES
650 _aTEATROS
650 _aVENTANAS
650 _aVENTILACION
650 _aZOOLOGICOS
942 _cLIB
999 _c2148
_d2148